MARC

LEADER 00000nam0a2200000 4500
001 52776
005 20231031043026.0
035 |a (RuTPU)RU\TPU\book\55321 
035 |a RU\TPU\book\55318 
090 |a 52776 
100 |a 20030606d1968 m y0rusy50 ca 
101 0 |a rus 
102 |a RU 
105 |a a j 001zy 
200 1 |a Элементы теории функций и функционального анализа  |e учебное пособие  |f А. Н. Колмогоров, С. В. Фомин 
205 |a 2-е изд., перераб. 
210 |a М  |c Наука  |d 1968 
215 |a 496 с. 
320 |a Библиогр.: с. 492-493 
320 |a Предм. указ.: с. 494-496 
453 1 |0 (RuTPU)RU\TPU\book\129814  |t Элементы теории функций и функционального анализа  |l Elements de la theorie des fonctions et de l'analyse fonctionnelle  |o [учебное пособие]  |f А. Н. Колмогоров, С. В. Фомин  |c Москва  |n Мир  |d 1974  |p 537 с.  |a Колмогоров, Андрей Николаевич 
610 1 |a математика 
610 1 |a функции 
610 1 |a функциональный анализ 
610 1 |a множества 
610 1 |a пространства 
610 1 |a линейные операторы 
610 1 |a линейные функционалы 
610 1 |a интегралы 
610 1 |a интеграл Лебега 
610 1 |a тригонометрические ряды 
610 1 |a преобразование Лапласа 
610 1 |a теорема Фейера 
610 1 |a банаховы алгебры 
610 1 |a учебные пособия 
675 |a 517.5(075.8)  |v 3 
675 |a 517.98(075.8)  |v 3 
700 1 |a Колмогоров  |b А. Н.  |g Андрей Николаевич 
701 1 |a Фомин  |b С. В.  |g Сергей Васильевич 
801 0 |a RU  |b 63413507  |c 20011210  |g PSBO 
801 2 |a RU  |b 63413507  |c 20200930  |g PSBO 
942 |c BK